书目信息 |
| 题名: |
基本电磁学题解
|
|
| 作者: | Paris 著 | |
| 分册: | ||
| 出版信息: | 台南 复文书局 1983. |
|
| 页数: | 275页 | |
| 开本: | 20cm | |
| 丛书名: | ||
| 单 册: | ||
| 中图分类: | O441-44 | |
| 科图分类: | ||
| 主题词: | 电磁学 , 电动力学 | |
| 电子资源: | ||
| ISBN: | ||
| 000 | 00544nam0 2200205 45 | |
| 001 | 0312221749 | |
| 005 | 20031222171124.0 | |
| 010 | @dCNY2.40 | |
| 100 | @a20031222d1983 km y0chiy0120 ea | |
| 101 | @achi | |
| 105 | @a z 000yy | |
| 200 | 1 | @a基本电磁学题解@AJi Ben Dian Ci Xue Ti Jie@fParis等著@FParis Deng Zhu |
| 210 | @a台南@c复文书局@d1983. | |
| 215 | @a275页@d20cm | |
| 606 | 0 | @a电磁学 |
| 606 | 0 | @a电动力学 |
| 690 | @aO441-44@v3 | |
| 701 | 0 | @aParis@4著 |
| 801 | @aCN@bTSTCL@c20031222 | |
| 905 | @a213230@dO441-44@e53@b200435-436@f2 | |
| 基本电磁学题解/Paris等著.-台南:复文书局,1983. |
| 275页;20cm |
| ISBN :CNY2.40 |
| ● |
| 相关链接 |
|
|
|
|
正题名:基本电磁学题解
索取号:O441-44/53
 
预约/预借
| 序号 | 登录号 | 条形码 | 馆藏地/架位号 | 状态 | 备注 |
| 1 | 0200435 | 001463455 | 密集书库/ [索取号:O441-44/53] | 在馆 | |
| 2 | 0200436 | 001472294 | 第三借阅区/ [索取号:O441-44/53] | 在馆 | |
| 3 | 0200437 | 202103892 | 第二样本阅览室/ [索取号:O441-44/53] | 在馆 |